[Event "SUI-ch U10"]
[Site "Winterthur"]
[Date "2007.10.07"]
[Round "5"]
[White "Lampert, Jonas"]
[Black "Mallor, Tim"]
[Result "1-0"]
[WhiteElo "1833"]
[BlackElo "1469"]
[PlyCount "43"]
[EventDate "2007.10.05"]
[EventType "tourn"]
[EventRounds "7"]
[EventCountry "SUI"]
[SourceTitle "EXT 2009"]
[Source "ChessBase"]
[SourceDate "2008.11.26"]
[SourceVersion "1"]
[SourceVersionDate "2008.11.26"]
[SourceQuality "1"]

1. e4 e5 2. f4 exf4 3. Nf3 Ne7 4. d4 Ng6 5. Bc4 c6 6. Nc3 Bb4 7. Qe2 b5 8. Bb3 d6 9. a3 Ba5 10. d5 Bd7 11. dxc6 Bxc6 12. 0-0 0-0 13. Kh1 a6 14. Nd4 Bb7 15. Bxf4 Nc6 16. Nf5 Nce5 17. Rad1 Nxf4 18. Rxf4 Bc7 19. Nd5 Bb8 20. Nfe7+ Kh8 21. Rh4 Ng6 22. Rxh7+ 1-0